[Event "Elitserien Allsvenskan 2018-19"]
[Site "Sweden"]
[Date "2019.03.30"]
[Round "8.2"]
[White "Miezis, Normunds"]
[Black "Hector, Jonny"]
[Result "0-1"]
[WhiteElo "2464"]
[BlackElo "2468"]
[Annotator "TA"]
[PlyCount "86"]
[EventDate "2018.11.09"]
[EventType "team-tourn"]
[EventCountry "SWE"]
[SourceTitle "playchess.com"]
[Source "ChessBase"]
[SourceQuality "1"]

{[%evp 9,86,0,0,4,20,0,2,0,0,0,0,0,20,5,0,0,0,0,0,0,28,27,23,6,12,7,0,0,0,5,26,6,12,0,16,-51,-40,-84,-69,-204,-189,-152,-137,-218,-204,-289,-294,-289,-321,-322,-308,-300,-305,-415,-249,-410,-431,-438,-444,-430,-411,-428,-414,-793,-824,-777,-1007,-867,-838,-1191,-1185,-1123,-1070,-899,-845,-5685,-698,-29985,-29986]} 1. c4 e5 2. g3 c6 3. d4 e4 4. Bg2 (4. Nc3 Bb4 5. Qb3 a5 6. Bf4 d5 7. e3 Nf6 8. a3 Bxc3+ 9. Qxc3 O-O 10. Ne2 h6 11. c5 {0-1 (27) Naiditsch,A (2734)-Anton Guijarro,D (2642) Caleta 2019}) 4... d5 5. Nc3 Bb4 6. Nh3 {A20: English Opening: 1...e5} h6 7. O-O Nf6 8. cxd5 {The position is equal.} cxd5 9. f3 {[%cal Rf3e4]} Bxc3 $146 ({Predecessor:} 9... O-O 10. fxe4 Bxc3 11. bxc3 dxe4 {0-1 (29) Wiedenkeller,M (2470)-Carlsson,P (2494) Sweden 2014}) 10. bxc3 {aiming for fxe4.} O-O 11. g4 exf3 12. exf3 Re8 13. Re1 Nbd7 14. Nf4 Nf8 15. Bd2 Bd7 16. Qb3 Bc6 17. Rxe8 Nxe8 18. Re1 a5 {[%cal Ba7a5,Ba5a4,Ba4a3][%mdl 32]} 19. Be3 a4 20. Qb4 Nd6 21. Bf2 Nc4 22. Bg3 ({White should play} 22. Qb1 $11) 22... Ra6 $1 $15 {[%cal Ba8a6,Ba6b6,Bb6b2][%mdl 32]} 23. Qb1 Rb6 $1 {[%cal Rb6b1]} 24. Qa1 (24. Qc1 $15) 24... a3 25. Nd3 Rb2 $1 26. Bf1 {[#]} (26. f4 $17) 26... Qa5 $1 $19 27. Nb4 (27. Nxb2 {keeps fighting.} axb2 28. Qb1 Qxc3 29. Qd3) 27... Ne6 28. Qc1 {[#]} Nd2 $1 {[%cal Rd2f3]} 29. Kh1 Nxf3 30. Re2 Rxe2 31. Nxc6 {[#]} Rxh2+ $1 {[%mdl 512]} 32. Bxh2 bxc6 33. Bd6 Qd8 34. Bg3 Qe7 35. Qe3 Nfg5 36. Bg2 (36. Bd3 $142 Qb7 37. Qe5) 36... Qb7 37. c4 Qb1+ 38. Kh2 Qxa2 39. cxd5 cxd5 40. Bd6 {[#]} Nxd4 $1 41. Bxa3 (41. Qxd4 Nf3+) 41... Nc2 42. Qe8+ Kh7 43. Bc1 {[#]} Ne1 $1 {[%mdl 512] Accuracy: White = 35%, Black = 80%.} 0-1

[Event "Elitserien Allsvenskan 2018-19"]
[Site "Sweden"]
[Date "2019.03.30"]
[Round "8.2"]
[White "Schussler, Harry"]
[Black "Livner, Anders"]
[Result "1/2-1/2"]
[WhiteElo "2413"]
[BlackElo "2338"]
[Annotator "TA"]
[PlyCount "71"]
[EventDate "2018.11.09"]
[EventType "team-tourn"]
[EventCountry "SWE"]
[SourceTitle "playchess.com"]
[Source "ChessBase"]
[SourceQuality "1"]

{[%evp 9,71,-5,6,-22,-3,-12,-16,-16,-25,-27,-9,-26,-18,-19,-29,-28,-5,-20,-9,-8,-10,-5,0,0,0,0,35,35,51,8,12,8,24,15,59,26,23,14,7,9,15,6,12,15,6,3,12,12,11,10,12,8,3,2,12,-10,-8,-48,-48,-49,-49,-47,-45,-58]} 1. b3 e5 2. Bb2 Nc6 3. e3 Nf6 4. Bb5 Bd6 5. Na3 Na5 6. d4 {A01: Nimzowitsch-Larsen Opening} (6. Be2 a6 7. c4 O-O 8. Nb1 Re8 9. Nc3 Nc6 10. d3 Bf8 11. Nf3 d5 12. cxd5 Nxd5 13. O-O Nxc3 14. Bxc3 {1-0 (66) Karjakin,S (2753)-Riazantsev,A (2649) St Petersburg 2018}) 6... Qe7 7. Nb1 exd4 8. Qxd4 {The position is equal.} a6 9. Be2 Nc6 10. Qd1 $146 ({Predecessor:} 10. Qh4 Be5 11. Nc3 Nb4 12. Bd1 g5 13. Qxg5 {½-½ (104) Gouret,T (2280)-Pieri,F (2225) Paris 1994}) 10... Be5 11. c3 d5 12. Nf3 Bd6 13. O-O O-O 14. Nbd2 Rd8 15. Qc1 Ne4 16. c4 Nxd2 17. Qxd2 Bb4 18. Qc2 dxc4 19. Qxc4 Be6 20. Qe4 Bd6 21. Rfd1 Re8 22. Nd4 Nxd4 23. Qxd4 {[%csl Gb2][%cal Rd4g7] [#]} f6 24. Qe4 {Black should prevent Bd3.} c6 25. Bd3 f5 26. Qf3 Rf8 27. e4 {[%cal Re4f5]} Qh4 28. g3 Qg4 29. Qxg4 fxg4 30. Bc4 Bxc4 31. Rxd6 Be2 32. Rd7 Rf7 33. Rd2 Bf3 {Black is slightly better.} 34. Re1 Re8 35. e5 Bd5 36. Rd4 {Accuracy: White = 55%, Black = 68%.} 1/2-1/2

[Event "Elitserien Allsvenskan 2018-19"]
[Site "Sweden"]
[Date "2019.03.30"]
[Round "8.2"]
[White "Ertan, Can"]
[Black "Ingbrandt, Johan"]
[Result "1-0"]
[WhiteElo "2404"]
[BlackElo "2363"]
[Annotator "ChessBase"]
[PlyCount "47"]
[EventDate "2018.11.09"]
[EventType "team-tourn"]
[EventCountry "SWE"]
[SourceTitle "playchess.com"]
[Source "ChessBase"]
[SourceQuality "1"]
[TimeControl "40/5400+30:1800+30"]

1. e4 {[%emt 0:00:00]} e5 {[%emt 0:00:00]} 2. Nf3 {[%emt 0:00:00]} Nc6 {[%emt 0:00:02]} 3. Bb5 {[%emt 0:00:00]} Nf6 {[%emt 0:00:32]} 4. O-O {[%emt 0:00:00]} Bc5 {[%emt 0:00:35]} 5. c3 {[%emt 0:01:00]} O-O {[%emt 0:00:26]} 6. d4 {[%emt 0:00:30]} Bb6 {[%emt 0:00:17]} 7. Bg5 {[%emt 0:01:00]} h6 {[%emt 0:00:31]} 8. Bh4 {[%emt 0:00:09]} d6 {[%emt 0:01:10]} 9. Qc1 {[%emt 0:03:02]} Qe7 {[%emt 0:14:11]} 10. a4 {[%emt 0:23:04]} a5 {[%emt 0:04:32]} 11. Nbd2 {[%emt 0:10:23]} exd4 {[%emt 0:14:35]} 12. Bxc6 {[%emt 0:00:15]} dxc3 {[%emt 0:00:50]} 13. bxc3 {[%emt 0:05:30]} bxc6 {[%emt 0:02:06]} 14. e5 {[%emt 0:00:02]} dxe5 {[%emt 0:02:39]} 15. Ne4 {[%emt 0:00:03]} Kh7 {[%emt 0:17:17]} 16. Re1 {[%emt 0:00:24]} Bf5 {[%emt 0:02:56]} 17. Nxf6+ {[%emt 0:02:30]} gxf6 {[%emt 0:00:35]} 18. Rxe5 {[%emt 0:00:03]} Qxe5 {[%emt 0:02:10]} 19. Nxe5 {[%emt 0:00:30]} fxe5 {[%emt 0:00:05]} 20. Qd1 {[%emt 0:03:23]} Bg6 {[%emt 0:08:20]} 21. Qd7 {[%emt 0:02:14]} Rae8 {[%emt 0:01:12]} 22. Be7 {[%emt 0:00:51]} Rg8 {[%emt 0:00:08]} 23. Re1 {[%emt 0:00:07]} e4 {[%emt 0:00:24]} 24. c4 {[%emt 0:00:38]} 1-0

[Event "Elitserien Allsvenskan 2018-19"]
[Site "Sweden"]
[Date "2019.03.30"]
[Round "8.2"]
[White "Malmstig, Erik"]
[Black "Hansen, Sune Berg"]
[Result "1-0"]
[WhiteElo "2287"]
[BlackElo "2587"]
[Annotator "TA"]
[PlyCount "79"]
[EventDate "2018.11.09"]
[EventType "team-tourn"]
[EventCountry "SWE"]
[SourceTitle "playchess.com"]
[Source "ChessBase"]
[SourceQuality "1"]

{[%evp 12,79,88,83,95,72,90,80,81,86,110,41,73,33,72,41,66,41,79,79,79,79,79,79,79,79,79,41,52,39,35,33,43,39,30,30,30,31,39,49,32,51,56,48,30,30,51,0,37,38,72,72,72,68,86,86,168,186,419,408,736,716,789,749,1054,1033,4710,1716,29991,29992]} 1. d4 Nf6 2. c4 c5 3. d5 e5 4. Nc3 d6 5. e4 Be7 6. Bd3 Nbd7 7. Nge2 a6 {A56: Czech Benoni} (7... g6 8. h4 a6 9. Bg5 h6 10. Bd2 Kf8 11. f3 Kg7 12. Be3 h5 13. Qd2 Ne8 14. g3 Ndf6 15. a3 {1-0 (81) Vallejo Pons,F (2695)-Aronian,L (2765) St Petersburg 2018}) 8. h3 h5 9. Be3 h4 {White is better.} 10. Qd2 Nf8 11. Ng1 (11. O-O $16) 11... Ng6 12. Nf3 Bd7 13. a4 Rb8 $146 ({Predecessor:} 13... Nh5 14. Ne2 O-O 15. g4 hxg3 16. fxg3 {½-½ (34) Bensdorp,M (2125)-Peng,Z (2472) Leeuwarden 2002}) 14. a5 b5 15. axb6 Rxb6 16. O-O Nh5 17. Ne2 O-O 18. Rfb1 Qc8 19. Kh2 f5 {[#] Hoping for ...f4.} 20. exf5 Bxf5 21. Qc2 $1 Bxd3 22. Qxd3 Ngf4 23. Nxf4 Nxf4 24. Qe4 Qf5 25. Qxf5 Rxf5 26. b4 Rxb4 27. Rxb4 cxb4 28. Rxa6 Nd3 29. Rb6 ({White should play} 29. Kg1 $14) 29... Rf8 30. Rb7 Bf6 31. Nd2 e4 32. Nxe4 {Black must now prevent Kg1.} Be5+ 33. Kg1 {And now Kf1 would win.} Ra8 (33... Rc8 $16) 34. Kf1 $18 Rc8 $2 {[#]} (34... Bc3 35. Nxd6 Ra1+ 36. Ke2 Ne5) 35. Ke2 Nb2 (35... Nc5 $142) 36. f4 Bxf4 37. Bxf4 Rxc4 38. Kf3 Nd3 39. Bxd6 Rd4 40. Ng5 {Accuracy: White = 65%, Black = 37%.} 1-0

[Event "Elitserien Allsvenskan 2018-19"]
[Site "Sweden"]
[Date "2019.03.30"]
[Round "8.3"]
[White "Neiksans, Arturs"]
[Black "Berg, Emanuel"]
[Result "1/2-1/2"]
[WhiteElo "2559"]
[BlackElo "2543"]
[Annotator "TA"]
[PlyCount "77"]
[EventDate "2018.11.09"]
[EventType "team-tourn"]
[EventCountry "SWE"]
[SourceTitle "playchess.com"]
[Source "ChessBase"]
[SourceQuality "1"]

{[%evp 26,77,22,21,44,28,31,33,37,0,15,0,0,0,40,0,0,0,0,0,0,0,0,0,0,0,0,-5,0,0,0,0,0,0,0,-11,-8,-8,-6,-6,-6,-6,0,-6,0,-1,0,0,0,0,0,0,0,0]} 1. e4 e6 2. d4 d5 3. Nd2 Nf6 4. e5 Nfd7 5. Bd3 c5 6. c3 Nc6 7. Ne2 cxd4 8. cxd4 f6 9. exf6 Nxf6 10. Nf3 Bd6 11. O-O Qc7 12. Nc3 a6 13. Re1 O-O 14. h3 Bd7 {C06: French Tarrasch: 3...Nf6 4 e5 Nfd7 5 Bd3 main lines} 15. Bd2 Rae8 16. Rc1 Qb8 {White is slightly better.} 17. Na4 (17. a3 Re7 18. b4 b5 19. Be3 Be8 20. Ne2 a5 {1-0 (42) Hammer,J (2640)-Berg,E (2544) Sweden 2015}) 17... e5 18. dxe5 Nxe5 19. Nxe5 Bxe5 20. Be3 Bh2+ $146 {The position is equal.} ({Predecessor:} 20... Bf4) 21. Kh1 Bf4 22. Nc5 Bxe3 23. Rxe3 Rxe3 24. fxe3 Bc8 25. Nb3 Qe5 {[#] Strongly threatening ...Bxh3!} 26. Qd2 Bf5 (26... Re8 {is interesting.} 27. Nd4 Bd7 28. Re1 Qg3 29. Bc2 b6) 27. Bxf5 Qxf5 28. Nd4 Qe5 {...Ne4 is the strong threat.} 29. Nf3 Qd6 30. Qc3 Ne4 31. Qe1 h6 32. Kg1 Kh8 33. Qe2 Kg8 34. a3 Re8 35. Qd3 Nf6 36. Qd4 Kh7 37. Qd3+ Kg8 38. Qd4 Kh7 39. Qd3+ {Accuracy: White = 69%, Black = 72%.} 1/2-1/2

[Event "Elitserien Allsvenskan 2018-19"]
[Site "Sweden"]
[Date "2019.03.30"]
[Round "8.3"]
[White "Cuenca Jimenez, Jose Fernando"]
[Black "Nygren, David"]
[Result "1-0"]
[WhiteElo "2544"]
[BlackElo "2266"]
[Annotator "TA"]
[PlyCount "101"]
[EventDate "2018.11.09"]
[EventType "team-tourn"]
[EventCountry "SWE"]
[SourceTitle "playchess.com"]
[Source "ChessBase"]
[SourceQuality "1"]

{[%evp 30,101,17,22,80,88,80,81,96,78,82,77,95,95,95,95,102,94,99,76,106,78,94,91,109,93,112,86,139,135,228,223,214,217,227,217,265,262,281,260,265,245,283,268,293,291,284,285,292,294,320,291,340,317,339,339,325,331,352,352,356,364,384,388,393,368,458,451,500,471,506,504,471,461]} 1. c4 e6 2. Nf3 Nf6 3. d4 c5 4. g3 d5 5. cxd5 exd5 6. Bg2 Nc6 7. O-O Be7 8. Nc3 O-O 9. Bg5 cxd4 10. Nxd4 h6 11. Be3 Re8 12. Qb3 Na5 13. Qc2 Bg4 14. Nf5 Bb4 15. Bd4 Bxc3 {D34: Tarrasch Defence: 6 g3 Nf6 7 Bg2 Be7} 16. Bxc3 {LiveBook: 23 Games} Rc8 (16... Rxe2 $11 {remains equal.} 17. Qd3 Re8) (16... Rxe2 17. Qd3 Re8 18. Ne3 Be6 19. Qb5 b6 20. b4 Nb7 21. Bxf6 Qxf6 22. Nxd5 Bxd5 23. Bxd5 {½-½ (73) Meier,G (2656)-Mueller,M (2388) Germany 2016}) 17. Ne3 $16 Be6 {White is better.} 18. Rfd1 Nc6 19. Qa4 Qe7 20. Qf4 $146 ({Predecessor:} 20. Rd2 Rcd8 21. Bxf6 Qxf6 22. Bxd5 Re7 23. Rdd1 Qxb2 24. Bxc6 Rxd1+ 25. Qxd1 bxc6 {1-0 (50) Ravi,L (2462)-Gokhale,C (2372) Mumbai 2004}) 20... Rcd8 21. Bxf6 Qxf6 22. Qxf6 (22. Nxd5 Qxb2 23. Qd2 Qxd2 $11) 22... gxf6 23. Rd2 d4 24. Nc2 Bd5 25. Bf1 Be4 26. Rad1 Bxc2 27. Rxc2 Re7 28. Bg2 Nb4 (28... d3 $142 29. exd3 Nd4) 29. Rc4 Nc6 (29... d3 $16 {was called for.}) 30. Bxc6 $18 bxc6 {[%mdl 4096] Endgame KRR-KRR} 31. Kf1 ({Weaker is} 31. Rxc6 Rxe2 32. Rxf6 Rxb2 $11) ({Not} 31. Rcxd4 Rxd4 32. Rxd4 Rxe2 $14) 31... Rde8 32. Rd2 ({Don't take} 32. Rxc6 $6 Rxe2 33. Rxd4 Rxb2) 32... Re6 33. Rcxd4 R8e7 34. e3 Re5 35. Rc2 Rb7 36. b3 Re6 37. Ke2 Kg7 38. Rd8 f5 39. Rc4 Kf6 40. Ra4 Ree7 41. Ra5 Rbc7 42. Rd4 Re4 43. Rda4 Ree7 44. Rf4 c5 45. Rc4 Re5 46. b4 {[%cal Bb3b4,Bb4c5,Bc5c6][%mdl 32]} Rb7 47. Raxc5 Rxc5 48. bxc5 {White is clearly winning.} Rb2+ 49. Kf3 Ke7 50. c6 {[#] aiming for c7.} Kd8 51. Ra4 {Accuracy: White = 84%, Black = 35%.} 1-0

[Event "Elitserien Allsvenskan 2018-19"]
[Site "Sweden"]
[Date "2019.03.30"]
[Round "8.3"]
[White "Johansson, Linus"]
[Black "Pantzar, Milton"]
[Result "0-1"]
[WhiteElo "2479"]
[BlackElo "2361"]
[Annotator "TA"]
[PlyCount "62"]
[EventDate "2018.11.09"]
[EventType "team-tourn"]
[EventCountry "SWE"]
[SourceTitle "playchess.com"]
[Source "ChessBase"]
[SourceQuality "1"]

{[%evp 14,62,16,0,0,-31,-28,-27,-15,-22,-26,-35,-21,-31,-32,-21,-19,-24,-24,-24,-24,-24,-17,-17,-18,-17,-17,-22,-20,-104,-101,-93,-97,-188,-135,-239,-135,-133,-132,-524,-523,-516,-506,-508,-503,-585,-544,-677,-498,-521,-470]} 1. d4 d5 2. c4 c6 3. Nf3 Nf6 4. cxd5 cxd5 5. Nc3 Nc6 6. Bf4 a6 7. e3 Bg4 8. Qb3 Na5 {D13: Slav Defence: Exchange variation without ...Bf5} 9. Qa4+ b5 (9... Bd7 10. Qc2 Rc8 {½-½ (10) Iermito,S (2482)-Alonso,S (2499) Buenos Aires 2015}) 10. Bxb5+ axb5 {Black has an edge.} 11. Nxb5 {[%csl Gf4][%cal Rb5d6]} Bd7 12. Ne5 $1 {[%cal Re5d7]} Bxb5 13. Qxb5+ Nd7 14. b4 Nc4 15. Nxc4 $146 ({Predecessor:} 15. Nxf7 Kxf7 16. Qxd5+ {0-1 (49) Bourgois,B (1887)-Kludacz,M (2218) Rennes 2008}) 15... dxc4 16. O-O c3 17. a4 e6 18. a5 Be7 19. Rfc1 O-O 20. Rxc3 Nf6 21. Rb3 (21. Bg3 $11 {keeps the balance.}) 21... Nd5 $17 22. Bg3 Qc8 $1 23. Qa4 (23. h3 $17) 23... Qc2 (23... Nc3 $19 24. Qa3 Ne2+ 25. Kh1 Qc4) 24. b5 {[#]} (24. Qa2 $17 {was called for.} Qc4 25. Qb2) 24... Nc3 (24... Rxa5 $1 $19 {[%mdl 512]} 25. Qxa5 Qxb3) 25. Rxc3 Qxc3 $40 {[%mdl 128] Black has strong attack.} 26. b6 $2 {[%mdl 8192] [#]} (26. a6 $17 Qb2 27. h3) 26... Bd8 $1 $19 {Black is clearly winning.} 27. Bd6 {[#]} Bxb6 $1 {[%cal Ra8a5][%mdl 576] Pin} 28. Bb4 (28. axb6 Qxa1+) 28... Qb2 29. g3 Rfc8 30. Kg2 Ba7 31. Ra2 Qc1 {Accuracy: White = 30%, Black = 77%.} 0-1

[Event "Elitserien Allsvenskan 2018-19"]
[Site "Sweden"]
[Date "2019.03.30"]
[Round "8.3"]
[White "Degerman, Lars"]
[Black "Gdanski, Jacek"]
[Result "1/2-1/2"]
[WhiteElo "2454"]
[BlackElo "2465"]
[Annotator "TA"]
[PlyCount "48"]
[EventDate "2018.11.09"]
[EventType "team-tourn"]
[EventCountry "SWE"]
[SourceTitle "playchess.com"]
[Source "ChessBase"]
[SourceQuality "1"]

{[%evp 9,48,29,20,6,29,39,29,30,39,15,33,18,21,-11,-5,-29,6,-13,23,8,37,0,10,0,8,-93,-83,-100,-18,-19,0,0,0,0,0,0,-14,-130,-117,-146,-91]} 1. c4 e5 2. g3 Nc6 3. Nc3 f5 4. Nf3 g6 (4... Nf6 5. d4 e4 6. Nh4 Bb4 7. Nxf5 d5 8. Ne3 dxc4 9. d5 Bxc3+ 10. bxc3 Ne7 11. Qa4+ Kf7 12. Qxc4 Nexd5 13. Nxd5 Qxd5 14. Qxc7+ {1-0 (37) Matlakov,M (2683)-Wen,Y (2585) China 2018}) 5. d4 e4 6. Bg5 {A27: English Opening: Three Knights Variation} Nce7 $146 (6... Be7 {looks sharper.} 7. Bxe7 Qxe7 8. Nd2 Nf6 9. e3 b6) ({Predecessor:} 6... Be7 7. Bxe7 Ngxe7 8. d5 exf3 9. dxc6 fxe2 10. Qxe2 Kf7 11. cxd7 Bxd7 12. O-O-O {0-1 (48) Ait Abbas,Y (1853)-Petr,J (2140) Durban 2014}) 7. Nd2 h6 8. Bf4 {White has an edge.} Bg7 9. f3 exf3 10. Nxf3 (10. exf3 {is interesting.} Nf6 11. Qb3 O-O 12. O-O-O d6 13. c5+) 10... Nf6 11. Qc2 d6 12. O-O-O O-O 13. h4 c6 14. e3 b5 15. cxb5 cxb5 16. Qb3+ Kh8 17. d5 ({Of course not} 17. Nxb5 Bb7 $17) (17. Ng5 $11 {remains equal.}) 17... Bb7 $36 {[%mdl 2048] Hoping for ...b4! Black is really pushing.} 18. Rh2 Rc8 (18... Rb8 $17 {Threatens to win with ...b4!} 19. a3 Ne4 20. Nxe4 fxe4) 19. Rc2 $11 Rxc3 20. Qxc3 {aiming for Qc7.} Nexd5 21. Qb3 Nxf4 22. exf4 Be4 23. Rc3 {[#]} (23. Ne5 $1 $11 Kh7 24. h5 Nxh5 25. Bd3) 23... b4 $1 $17 {[%cal Rb4c3][%mdl 1536] Black has strong compensation.} 24. Rc4 (24. Qxb4 Nd5) 24... Bd5 {Accuracy: White = 23%, Black = 29%.} (24... a5 $142 25. Nd2 Bd5) 1/2-1/2

[Event "Elitserien Allsvenskan 2018-19"]
[Site "Sweden"]
[Date "2019.03.30"]
[Round "8.3"]
[White "Nyander, Joakim"]
[Black "Hauge, Lars Oskar"]
[Result "0-1"]
[WhiteElo "2216"]
[BlackElo "2468"]
[Annotator "TA"]
[PlyCount "40"]
[EventDate "2018.11.09"]
[EventType "team-tourn"]
[EventCountry "SWE"]
[SourceTitle "playchess.com"]
[Source "ChessBase"]
[SourceQuality "1"]

{[%evp 16,40,18,16,28,20,31,0,-2,-125,-137,-221,-199,-214,-193,-264,-278,-364,-313,-414,-411,-397,-394,-5502,-5502,-1569,-1545]} 1. c4 f5 2. g3 Nf6 3. Bg2 g6 4. Nc3 Bg7 5. d3 d6 6. e4 Nc6 7. Nge2 O-O 8. O-O e5 9. Nd5 f4 {A26: English Opening vs King's Indian with ...Nc6 and d3} (9... Be6 10. h3 Qd7 11. Kh2 Rae8 12. Be3 Nh5 13. exf5 gxf5 14. f4 Nf6 15. Qd2 Rf7 16. Rae1 Kh8 17. Nxf6 Bxf6 18. b3 {1-0 (41) Tomashevsky,E (2705)-Sychev,K (2537) St Petersburg 2018}) 10. gxf4 Nh5 11. fxe5 dxe5 {The position is equal.} 12. f4 (12. Bd2 $11) 12... Bg4 $17 {White must now prevent ...Nd4.} 13. Bf3 {[#]} (13. f5 $17) 13... Bxf3 $1 $19 14. Rxf3 exf4 $146 ({Predecessor:} 14... Nxf4 15. Nexf4 exf4 16. Bxf4 Nd4 17. Rf1 {0-1 (61) Rosner,J (2292)-Filipovic,B (2357) Baden 2013}) 15. Nexf4 (15. Bxf4 $142 Ne5 16. Bxe5 Rxf3 17. Ng3) 15... Nd4 16. Rh3 Qd7 {Hoping for ...Nxf4.} 17. Kg2 {[#]} Nxf4+ $1 18. Nxf4 Be5 19. Nd5 $2 {[#]} (19. Rh4 Rf7 20. Qg4) 19... Rf2+ $1 {[%mdl 576] Deflection} 20. Kxf2 Qxh3 {Accuracy: White = 10%, Black = 64%.} 0-1

[Event "Elitserien Allsvenskan 2018-19"]
[Site "Sweden"]
[Date "2019.03.30"]
[Round "8.4"]
[White "Sagit, Rauan"]
[Black "Barkhagen, Jonas"]
[Result "1/2-1/2"]
[WhiteElo "2436"]
[BlackElo "2424"]
[Annotator "TA"]
[PlyCount "57"]
[EventDate "2018.11.09"]
[EventType "team-tourn"]
[EventCountry "SWE"]
[SourceTitle "playchess.com"]
[Source "ChessBase"]
[SourceQuality "1"]

{[%evp 10,57,8,6,41,41,46,31,42,25,31,34,35,31,43,22,33,8,22,18,29,18,26,0,0,0,15,20,20,20,16,8,12,0,3,4,15,0,0,0,0,0,0,0,0,0,0,0,0,0]} 1. Nf3 Nf6 2. g3 d5 3. Bg2 c6 4. b3 Bg4 5. Bb2 Nbd7 6. O-O Bxf3 {A07: Réti Opening: New York and Capablanca Systems} 7. exf3 g6 (7... e6 8. f4 g6 9. d3 Bg7 10. Nd2 O-O 11. Nf3 a5 12. a3 Qc7 13. Ne5 Ne8 14. Re1 {1-0 (39) Nakamura,H (2792)-Navara,D (2737) Saint Louis 2017}) 8. a4 Bg7 {White is slightly better.} 9. d3 a5 10. Nd2 O-O 11. f4 Ne8 12. Qc1 $146 ({Predecessor:} 12. d4 Nd6 13. Nf3 Re8 14. Re1 e6 {½-½ (14) Souevamanien,P (2162)-Appleberry,M (2291) Paris 2000}) 12... Qc7 13. Nf3 e5 14. fxe5 Nxe5 15. Nxe5 Bxe5 16. Re1 Bxb2 {The position is equal.} 17. Qxb2 Nd6 18. Bh3 Rae8 19. Qd4 Rxe1+ 20. Rxe1 Re8 21. Re5 (21. Rb1 {seems wilder.} Rd8 22. Rf1 Re8 23. c4 Rd8 24. Re1) 21... Rxe5 22. Qxe5 Qd8 23. Kg2 f5 24. Qd4 Nf7 25. Qa7 Qc7 26. Qe3 Qd8 27. Qa7 Qc7 28. Qe3 Qd8 29. Qa7 {Accuracy: White = 49%, Black = 57%.} 1/2-1/2

[Event "Elitserien Allsvenskan 2018-19"]
[Site "Sweden"]
[Date "2019.03.30"]
[Round "8.4"]
[White "Lokander, Martin"]
[Black "Schutz, Ingemar"]
[Result "0-1"]
[WhiteElo "2432"]
[BlackElo "2195"]
[Annotator "TA"]
[PlyCount "84"]
[EventDate "2018.11.09"]
[EventType "team-tourn"]
[EventCountry "SWE"]
[SourceTitle "playchess.com"]
[Source "ChessBase"]
[SourceQuality "1"]

{[%evp 17,84,34,37,40,47,73,89,28,80,93,71,92,78,0,7,-114,-134,-124,-117,-114,-93,-95,-113,-108,-94,-127,-104,-170,-161,-191,-167,-220,-207,-224,-214,-241,-152,-369,-353,-346,-370,-434,-435,-408,-425,-447,-472,-452,-465,-587,-568,-584,-561,-595,-608,-641,-640,-636,-644,-654,-596,-569,-549,-3173,-2596,-5347,-5343,-5243,-5219]} 1. c4 g6 2. Nc3 Bg7 3. d4 Nf6 4. e4 O-O 5. Nf3 d6 6. Be2 e5 7. d5 Nbd7 8. Be3 Ng4 9. Bg5 f6 10. Bc1 {E93: King's Indian: Classical: Petrosian System with 7...Nbd7} (10. Bh4 a5 11. Nd2 Nh6 12. f3 Nf7 13. Qc2 Nc5 14. O-O Bh6 15. Kh1 Bd7 16. b3 Kg7 17. Rab1 Na6 18. a3 c5 19. dxc6 bxc6 {½-½ (31) Giri,A (2780)-Rapport,R (2725) Douglas 2018}) 10... f5 {Threatening ...Nxf2!} 11. Ng5 Ndf6 12. O-O $146 (12. exf5 $16 gxf5 13. Ne6 Bxe6 14. dxe6) ({Predecessor:} 12. Ne6 Bxe6 13. dxe6 c6 14. exf5 gxf5 15. Bg5 Nh6 16. Qd2 f4 17. g4 Qc7 18. Bxh6 Bxh6 {1-0 (37) Le Hay,T (2062)-Aflalo,S (2104) Brest 2018}) 12... fxe4 (12... Nh6 $11 {keeps the balance.}) 13. Ne6 $16 Bxe6 14. dxe6 Nh6 {[#]} 15. Bg5 (15. g4 $1 $16) 15... Nf5 $11 16. g4 (16. c5 $11) 16... Nd4 $17 17. Nxe4 Qe7 18. f4 {With the idea f5.} Qxe6 19. f5 gxf5 20. gxf5 Qd7 ({Don't play} 20... Nxf5 $6 21. Bxf6 Bxf6 22. Bg4 $14) 21. Bd3 Kh8 22. Bxf6 (22. Kh1 $17) 22... Bxf6 $19 23. Qh5 c6 24. Rad1 (24. Kh1 $142) 24... Qe7 25. Nc3 Rad8 26. Be4 Qf7 27. Qh3 $2 (27. Qxf7 $17 Rxf7 28. b3) 27... Qxc4 28. Kh1 Qf7 29. Rg1 d5 30. Bd3 e4 31. Be2 {Black is clearly winning.} Nxe2 32. Nxe2 Be5 33. Rdf1 d4 34. f6 Bxf6 35. Nf4 {Threatens to win with Ng6+.} Rg8 36. Rxg8+ Rxg8 37. Qf5 Qe7 38. Nh5 Bg7 39. Rg1 e3 40. Nf4 Rf8 41. Qg4 Qe4+ {[%mdl 64] [#] Double Attack} 42. Rg2 Be5 {Accuracy: White = 27%, Black = 71%.} 0-1